Colores del ocaso: poemas y cuentos
Gardado en:
| Autor Principal: | |
|---|---|
| Formato: | Libro |
| Idioma: | Spanish |
| Publicado: |
San José, Costa Rica
Editorial de la Universidad de Costa Rica
2005
|
| Materias: | |
| Etiquetas: |
Engadir etiqueta
Sen Etiquetas, Sexa o primeiro en etiquetar este rexistro!
|
MARC
| LEADER | 00000nam a22000007a 4500 | ||
|---|---|---|---|
| 008 | 180511b xxu||||| |||| 00| 0 spa d | ||
| 040 | |a cru BVZT | ||
| 090 | |a 868 G-25co | ||
| 100 | |a Gutiérrez Carranza, Claudio | ||
| 245 | |a Colores del ocaso: poemas y cuentos |c Claudio Gutiérrez Carranza | ||
| 260 | |a San José, Costa Rica |b Editorial de la Universidad de Costa Rica |c 2005 | ||
| 300 | |a 173 páginas | ||
| 650 | |a LITERATURA COSTARRICENSE |9 17 | ||
| 650 | |a POEMAS | ||
| 650 | |a CUENTOS | ||
| 999 | |c 30486 |d 30486 | ||
| 942 | |c LIB |h 868 G-25co |2 z | ||
